01270nam a2200325 i 4500003000900000005001700009007000300026008004100029020001500070040003000085041001300115082002200128100003900150245008100189264006200270300003900332336002700371337003300398338002800431490004000459490002400499590002700523650005200550650005900602830006700661910004700728942001400775952013800789999001700927DO-SdBNP20240906131640.0ta240730s1996 sp 000 0 spa d a8424917944 aDO-SdBNPbspacBNPHUerda aaradspa 4a492.73bC828d2221 aCortes, Julio,949373eautor4aut.10aDiccionario de árabe culto moderno :bárabe-español / cJulio Cortés 1aMadrid, España : bEditorial Gredos, S. A. ; c©1996. aXXVI, 1300, 13 páginas ;c25 cm. atextobtxt2rdacontent bnasin mediación2rdamedia avolumenbnc2rdacarrier1 aBiblioteca Romanica Hispanica ; vV1 aDiccionarios ; v18 aInventariado, YL/ 2024 4aLengua árabe xDiccionariosxEspañol986182 4aLengua árabexDiccionariosxLengua española986183 0aBiblioteca Romanica Hispanica ;nV.pDiccionarios ;n18986538 aYLockward. Validado Control de Calidad/MAA 2ddccLBS1 00102ddc56708GR-RaBNPHUbBNPHUcHDd2024-07-30eDonación l0oBNPHU R-DS 492.73 C828dp2024-4654r2024-07-30w2024-07-30yLBS1 c57368d57368